UBT Library

Mind Mood & Medicine (Record no. 52005)

000 -LEADER
fixed length control field 00290nam a22001337a 4500
008 - FIXED-LENGTH DATA ELEMENTS--GENERAL INFORMATION
fixed length control field 181106b xxu||||| |||| 00| 0 eng d
020 ## - INTERNATIONAL STANDARD BOOK NUMBER
International Standard Book Number 0452006015
041 ## - LANGUAGE CODE
Language code of text/sound track or separate title eng
080 ## - UNIVERSAL DECIMAL CLASSIFICATION NUMBER
Universal Decimal Classification number 159.9
100 ## - Rafti
Rafti 48
101 ## - Shkurtesa
Shkurtesa PSI
245 ## - TITLE STATEMENT
Title Mind Mood & Medicine
Statement of responsibility, etc Wender,P.H
942 ## - ADDED ENTRY ELEMENTS (KOHA)
Source of classification or shelving scheme
Item type Books
Holdings
Withdrawn status Lost status Source of classification or shelving scheme Damaged status Not for loan Collection code Permanent location Current location Shelving location Date acquired Total Checkouts Full call number Barcode Date last seen Price effective from Koha item type
          Koleksioni i përgjithshem UBT - Lipjan UBT - Lipjan Koleksioni i përgjithshem 11/06/2018   159.9 WEN 002-3018072 11/06/2018 11/06/2018 Books
UBT Library © 2015-2024. All rights reserved University Education for Business and Technology